Constitutional and administrative law updating supplement/ (Record no. 1269)
| 000 -LEADER | |
|---|---|
| fixed length control field | 02206cam a2200301 a 4500 |
| 001 - CONTROL NUMBER | |
| control field | 16267368 |
| 003 - CONTROL NUMBER IDENTIFIER | |
| control field | OSt |
| 005 - DATE AND TIME OF LATEST TRANSACTION | |
| control field | 20140130195029.0 |
| 008 - FIXED-LENGTH DATA ELEMENTS--GENERAL INFORMATION | |
| fixed length control field | 100604s2011 nyu b 001 0 eng |
| 010 ## - LIBRARY OF CONGRESS CONTROL NUMBER | |
| LC control number | 2010023415 |
| 020 ## - INTERNATIONAL STANDARD BOOK NUMBER | |
| International Standard Book Number | 9781405873505 |
| 040 ## - CATALOGING SOURCE | |
| Transcribing agency | DLC |
| Modifying agency | DLC |
| 042 ## - AUTHENTICATION CODE | |
| Authentication code | pcc |
| 043 ## - GEOGRAPHIC AREA CODE | |
| Geographic area code | e-uk--- |
| 050 00 - LIBRARY OF CONGRESS CALL NUMBER | |
| Classification number | KD3930.W55 2011 |
| 100 1# - MAIN ENTRY--PERSONAL NAME | |
| Personal name | Bradley, A. W. |
| Fuller form of name | (Anthony Wilfred) |
| 245 10 - TITLE STATEMENT | |
| Title | Constitutional and administrative law updating supplement/ |
| Statement of responsibility, etc | A.W. Bradley and K.D. Ewing. |
| 250 ## - EDITION STATEMENT | |
| Edition statement | 15th ed. |
| 260 ## - PUBLICATION, DISTRIBUTION, ETC. (IMPRINT) | |
| Place of publication, distribution, etc | Harlow, England : |
| Name of publisher, distributor, etc | Pearson Longman, |
| Date of publication, distribution, etc | 2011. |
| 300 ## - PHYSICAL DESCRIPTION | |
| Extent | lxxv, 804 p. |
| 504 ## - BIBLIOGRAPHY, ETC. NOTE | |
| Bibliography, etc | Includes bibliographical references and index. |
| 505 0# - FORMATTED CONTENTS NOTE | |
| Formatted contents note | Definition and scope of constitutional law -- Sources and nature of the constitution -- The structure of the United Kingdom -- Parliamentary supremacy -- The relationship between legislature, executive and judiciary -- The rule of law -- Responsible and accountable government -- The United Kingdom and the European Union -- Composition and meeting of parliament -- Functions of parliament -- Privileges of parliament -- The Crown and the royal prerogative -- The cabinet, government departments and the civil service -- Public bodies and regulatory agencies -- Foreign affairs and the commonwealth -- The armed forces -- The treasury, public expenditure and the economy -- The courts and the machinery of justice -- The nature and protection of human rights -- Nationality, immigration and extradition -- The police and personal liberty -- The protection of privacy -- Freedom of expression -- Freedom of association and assembly -- State security and official secrets -- Emergency powers and terrorism -- Administrative law - an introduction -- Delegated legislation -- Administrative justice -- Judicial review of administrative action, I -- Judicial review of administrative action, II -- Liability of public authorities and the Crown. |
| 650 #0 - SUBJECT ADDED ENTRY--TOPICAL TERM | |
| Topical term or geographic name as entry element | Constitutional law |
| Geographic subdivision | Great Britain. |
| 650 #0 - SUBJECT ADDED ENTRY--TOPICAL TERM | |
| Topical term or geographic name as entry element | Administrative law |
| Geographic subdivision | Great Britain. |
| 906 ## - LOCAL DATA ELEMENT F, LDF (RLIN) | |
| a | 7 |
| b | cbc |
| c | orignew |
| d | 1 |
| e | ecip |
| f | 20 |
| g | y-gencatlg |
| 942 ## - ADDED ENTRY ELEMENTS (KOHA) | |
| Source of classification or shelving scheme | |
| Koha item type | Book |
| Withdrawn status | Lost status | Source of classification or shelving scheme | Damaged status | Not for loan | Home library | Current library | Shelving location | Date acquired | Total Checkouts | Full call number | Barcode | Date last seen | Date checked out | Copy number | Price effective from | Koha item type | Total Renewals |
|---|---|---|---|---|---|---|---|---|---|---|---|---|---|---|---|---|---|
| Riara University Library | Riara University Library | General stack | 30/01/2014 | 4 | KD3930.W55 2011 | 4512/14 | 27/05/2016 | 17/05/2016 | Supp 1 | 30/01/2014 | Book | ||||||
| Riara University Library | Riara University Library | General stack | 30/01/2014 | 4 | KD3930.W55 2011 | 4513/14 | 11/10/2019 | 27/09/2019 | Supp 2 | 30/01/2014 | Book | 1 | |||||
| Riara University Library | Riara University Library | General stack | 30/01/2014 | 3 | KD3930.W55 2011 | 4514/14 | 30/09/2019 | 23/09/2019 | Supp 3 | 30/01/2014 | Book | 1 | |||||
| Riara University Library | Riara University Library | Short Loan | 30/01/2014 | 3 | KD3930.W55 2011 | 4515/14 | 07/06/2017 | 16/05/2017 | Supp 4 | 30/01/2014 | Book | 1 | |||||
| Riara University Library | Riara University Library | Short Loan | 30/01/2014 | 3 | KD3930.W55 2011 | 4516/14 | 07/06/2017 | 16/05/2017 | Supp 5 | 30/01/2014 | Book |
